| 000 | 00853nam a22002537a 4500 | ||
|---|---|---|---|
| 001 | BR2022000303 | ||
| 003 | BR-BrBNA | ||
| 005 | 20230928105630.0 | ||
| 007 | ta | ||
| 008 | 230509b bl.||||| |||| 00| 0 por d | ||
| 040 |
_aBR-BrBNA _bpor _cBiblioteca Nacional de Agricultura |
||
| 041 | _a(Por) | ||
| 072 | _aL70; L74 | ||
| 090 | _ L70 BR2022000303 | ||
| 100 | 1 | _aSobreira, T. | |
| 110 | 1 | _aUniversidade Federal de Minas Gerais, Belo Horizonte (Brasil). Escola de Veterinária | |
| 245 | 1 |
_aEmprego do sulfato de magnésio na anestesia veterinária: revisão de literatura _bEspecialista em Anesteseologia Veterinária |
|
| 260 | 3 |
_aBelo Horizonte, MG (Brasil): _c2019. |
|
| 300 | _a21p. | ||
| 500 | _aBibliography p. 16-21 (74 ref.); Summary (Por) | ||
| 650 | _aSULFATO DE MAGNÉSIO | ||
| 909 |
_a202309 _bLucia _c55 _dLucia Elande |
||
| 942 | _cBK | ||
| 999 |
_c85961 _d85961 |
||